| 000 | 00673nam a22001697a 4500 | ||
|---|---|---|---|
| 082 | _a621.3 | ||
| 100 | _aMahmood, Amama ; Zainab, Rida ; Ahmad, Rushda Basir | ||
| 245 |
_aClassification of Multi Calss Motor Imagery EEG for Control Application of BCI / _cAmama Mahmood ; Rida Zainab ; Rushda Basir Ahmad |
||
| 260 |
_aIslamabad : _bSEECS - NUST, _c2017. |
||
| 300 |
_a66 p. ; _c30cm. |
||
| 563 | _ahbk | ||
| 650 |
_aElectrical(Electronics) Engineering-Project Report _992589 |
||
| 700 |
_aDr. Awais Mehmood Kamboh _919312 |
||
| 856 | _uhttp://10.250.8.41:8080/xmlui/handle/123456789/23279 | ||
| 942 |
_2ddc _cTHE |
||
| 999 |
_c536222 _d536222 |
||